Analýza dotačních možností zemědělců ČR

Spoločná poľnohospodárska politika Európskej únie. Poľnohospodárska politika v Českej republike. Dotačné podpory a platby poľnohospodárskemu sektoru.

Na minha lista:
Detalhes bibliográficos
Autor principal: Věžník, Antonín
Outros Autores: Konečný, Ondrej, Svobodová, Hana
Formato: Capítulo de Livro
Idioma:tcheco
Assuntos:
Tags: Adicionar Tag
Sem tags, seja o primeiro a adicionar uma tag!

MARC

LEADER 00000naa a2200000 4500
001 0146385
005 20220715084144.8
041 0 |a cze 
044 |a SK 
245 1 0 |a Analýza dotačních možností zemědělců ČR  |c Antonín Věžník, Ondrej Konečný, Hana Svobodová 
520 |a Spoločná poľnohospodárska politika Európskej únie. Poľnohospodárska politika v Českej republike. Dotačné podpory a platby poľnohospodárskemu sektoru. 
610 2 0 |a Česko 
610 2 0 |a Európska únia 
610 2 0 |a dotácie 
610 2 0 |a politika poľnohospodárska 
100 1 |a Věžník, Antonín 
700 1 |a Konečný, Ondrej 
700 1 |a Svobodová, Hana